LEADER 00899nam0-2200337---450- 001 990008442930403321 005 20140506154237.0 010 $a88-06-17227-1 035 $a000844293 035 $aFED01000844293 035 $a(Aleph)000844293FED01 035 $a000844293 100 $a20061221d2005----km-y0itay50------ba 101 1 $aita$cfre 102 $aIT 105 $ay-------001yy 200 1 $aPadri e madri$el'ordine dei ruoli in famiglia$fAldo Naouri 210 $aTorino$cEinaudi$d2005 215 $aVIII, 288 p.$d21 cm 225 1 $a<>struzzi$v594 610 0 $aPaternità 610 0 $aMaternità 676 $a155.646$v21$zita 700 1$aNaouri,$bAldo$0224132 801 0$aIT$bUNINA$gRICA$2UNIMARC 901 $aBK 912 $a990008442930403321 952 $aP.1 PG 610$bBibl. 54875$fFLFBC 959 $aFLFBC 996 $aPadri e madri$9728139 997 $aUNINA LEADER 05937nam 22008055 450 001 9910831809703321 005 20220808173603.0 010 $a9783839463079 010 $a3839463076 024 7 $a10.1515/9783839463079 035 $a(CKB)5700000000101072 035 $a(DE-B1597)627271 035 $a(DE-B1597)9783839463079 035 $a(NjHacI)995700000000101072 035 $a(OCoLC)1334105123 035 $a(ScCtBLL)5688728e-0713-4bfc-b1f1-5f52df229b87 035 $a(EXLCZ)995700000000101072 100 $a20220729h20222022 fg 101 0 $ager 135 $aur||#|||||||| 181 $ctxt$2rdacontent 182 $cc$2rdamedia 183 $acr$2rdacarrier 200 01$a»Mehr Fortschritt wagen«? $eParteien, Personen, Milieus und Modernisierung: Regieren in Zeiten der Ampelkoalition /$fhrsg. von Knut Bergmann 210 1$aBielefeld :$ctranscript Verlag,$d[2022] 210 4$d©2022 215 $a1 online resource (492 p.) 225 0 $aX-Texte zu Kultur und Gesellschaft 320 $aIncludes bibliographical references. 327 $tFrontmatter --$tInhalt --$tDanksagung statt Vorwort --$tZum Ausgangspunkt des »Mehr Fortschritt wagen« --$tDie politikwissenschaftliche Perspektive (I): Koalitionsbildung --$tWählen und Regieren in der Coronakratie --$tBündnisse erzählen --$tDas personelle Profil der Ampel-Regierung --$tDer »Faktor Mensch« in Koalitionsbildung und Regierungshandeln --$tDie koalitionspolitische Seismografen-Funktion des Bundespräsidenten und die Wiederwahl von Frank-Walter Steinmeier --$tDie politikwissenschaftliche Perspektive (II): Regieren --$tNeue Berliner Republik --$tDie Politik der gerechten Transformation --$tFDP in der Ampel --$tWas bedeutet Fortschritt und was macht ihn möglich? --$tRegieren im Parteienbundesstaat --$tDie politikwissenschaftliche Perspektive (III): Opposition --$tErneuerungs- und Abnutzungsprozesse --$tVerpasste Chance --$tDIE LINKE im Irrgarten --$tWelchen Weg nehmen die »Rechten«? --$tDie AfD als neue Volkspartei des Ostens? --$tDie soziologische Perspektive: Lebenslagen, Lebensstile, Milieus und Werte --$tIn welchem Land wollen wir leben? --$tMilieus, Lebensstile, Werte --$tDie ökonomische Perspektive: Notwendigkeiten und Lösungen --$tDie Kamerun-Koalition --$tStrukturbrüche und Corona --$tWas kann Deutschland für seine Transformation von Vorbildern aus OECD-Staaten lernen? --$tAmbitioniertes Programm ? mit dem Risiko, erfolgreich zu scheitern --$tAutorinnen und Autoren 330 $aDie Ambitionen der Bundesregierung unter Kanzler Olaf Scholz scheinen klar umrissen: Deutschland grundlegend modernisieren! Doch der Rückhalt der pandemiemüden Bevölkerung ist der Ampelkoalition nicht garantiert. Die Beiträger*innen skizzieren ausgehend vom Koalitionsvertrag Perspektiven unserer Gesellschaft und Wirtschaft sowie unseres politischen Systems. Sie analysieren mit teils exklusiv erhobenen Daten vorherrschende Milieus und Lebensstile, beschreiben politische Konfliktfelder und volkswirtschaftliche Herausforderungen. Mit Expertisen im Feld der Politik, Sozialwissenschaft und Ökonomie liefern sie ein facettenreiches Bild der Bundesrepublik zu Beginn einer tiefgreifenden Transformation. 410 0$aX-Texte zu Kultur und Gesellschaft. 606 $aTraffic noise 615 0$aTraffic noise. 676 $a614.78 702 $aBergmann$b Knut$4ctb$4https://id.loc.gov/vocabulary/relators/ctb 702 $aBergmann$b Knut$4edt$4http://id.loc.gov/vocabulary/relators/edt 702 $aBollmann$b Ralph$4ctb$4https://id.loc.gov/vocabulary/relators/ctb 702 $aBorgstedt$b Silke$4ctb$4https://id.loc.gov/vocabulary/relators/ctb 702 $aBrandt$b Nicola$4ctb$4https://id.loc.gov/vocabulary/relators/ctb 702 $aBruns$b Daniel$4ctb$4https://id.loc.gov/vocabulary/relators/ctb 702 $aCremer$b Georg$4ctb$4https://id.loc.gov/vocabulary/relators/ctb 702 $aDiermeier$b Matthias$4ctb$4https://id.loc.gov/vocabulary/relators/ctb 702 $aFalkner$b Thomas$4ctb$4https://id.loc.gov/vocabulary/relators/ctb 702 $aFröhlich$b Paulina$4ctb$4https://id.loc.gov/vocabulary/relators/ctb 702 $aGohl$b Christopher$4ctb$4https://id.loc.gov/vocabulary/relators/ctb 702 $aGrotz$b Florian$4ctb$4https://id.loc.gov/vocabulary/relators/ctb 702 $aHeinze$b Anna-Sophie$4ctb$4https://id.loc.gov/vocabulary/relators/ctb 702 $aHetrodt$b Ewald$4ctb$4https://id.loc.gov/vocabulary/relators/ctb 702 $aHüther$b Michael$4ctb$4https://id.loc.gov/vocabulary/relators/ctb 702 $aJarzebski$b Sebastian$4ctb$4https://id.loc.gov/vocabulary/relators/ctb 702 $aKlös$b Hans-Peter$4ctb$4https://id.loc.gov/vocabulary/relators/ctb 702 $aKorte$b Karl-Rudolf$4ctb$4https://id.loc.gov/vocabulary/relators/ctb 702 $aKüpper$b Moritz$4ctb$4https://id.loc.gov/vocabulary/relators/ctb 702 $aLewandowsky$b Marcel$4ctb$4https://id.loc.gov/vocabulary/relators/ctb 702 $aNiehues$b Judith$4ctb$4https://id.loc.gov/vocabulary/relators/ctb 702 $aRistau$b Malte$4ctb$4https://id.loc.gov/vocabulary/relators/ctb 702 $aRoose$b Jochen$4ctb$4https://id.loc.gov/vocabulary/relators/ctb 702 $aSchmedes$b Hans-Jörg$4ctb$4https://id.loc.gov/vocabulary/relators/ctb 702 $aSchroeder$b Wolfgang$4ctb$4https://id.loc.gov/vocabulary/relators/ctb 702 $aSchwickert$b Dominic$4ctb$4https://id.loc.gov/vocabulary/relators/ctb 702 $aVehrkamp$b Robert$4ctb$4https://id.loc.gov/vocabulary/relators/ctb 702 $aWeisskircher$b Manès$4ctb$4https://id.loc.gov/vocabulary/relators/ctb 712 02$aBMBF Fördervorhaben 16TOA002$4fnd$4http://id.loc.gov/vocabulary/relators/fnd 801 0$bDE-B1597 801 1$bDE-B1597 906 $aBOOK 912 $a9910831809703321 996 $a»Mehr Fortschritt wagen«$92898699 997 $aUNINA LEADER 03108oas 2201045 a 450 001 9910891395203321 005 20260218111409.0 011 $a1635-7930 035 $a(DE-599)ZDB2092924-9 035 $a(OCoLC)60639266 035 $a(CONSER) 2011233098 035 $a(CKB)111057004872070 035 $a(DE-599)2092924-9 035 $a(EXLCZ)99111057004872070 100 $a20050615b20022011 sy b 101 0 $aeng 135 $aur||||||||||| 181 $ctxt$2rdacontent 182 $cc$2rdamedia 183 $acr$2rdacarrier 200 10$aEnvironmental biosafety research 210 $aLes Ulis, France ;$aCambridge, MA $cISBR, EDP Sciences$d©2002- 300 $aRefereed/Peer-reviewed 311 08$a1635-7922 517 1 $aEBR 517 1 $aEnviron. Biosafety Res 531 1 $aEnviron. biosaf. res. 606 $aTransgenic organisms$xEnvironmental aspects$vPeriodicals 606 $aTransgenic organisms$vPeriodicals 606 $aTransgenic organisms$xSafety measures 606 $aBioremediation$vPeriodicals 606 $aBiotechnology$xResearch$vPeriodicals 606 $aBiotechnology$xSafety measures$vPeriodicals 606 $aOrganisms, Genetically Modified 606 $aSafety 606 $aBioremediation$2fast$3(OCoLC)fst00832694 606 $aBiotechnology$xResearch$2fast$3(OCoLC)fst00832769 606 $aBiotechnology$xSafety measures$2fast$3(OCoLC)fst00832777 606 $aTransgenic organisms$2fast$3(OCoLC)fst01154670 606 $aTransgenic organisms$xEnvironmental aspects$2fast$3(OCoLC)fst01154671 606 $aTransgenic organisms$xSafety measures$2fast$3(OCoLC)fst01154676 608 $aPeriodicals.$2fast 615 0$aTransgenic organisms$xEnvironmental aspects 615 0$aTransgenic organisms 615 0$aTransgenic organisms$xSafety measures. 615 0$aBioremediation 615 0$aBiotechnology$xResearch 615 0$aBiotechnology$xSafety measures 615 2$aOrganisms, Genetically Modified. 615 2$aSafety. 615 7$aBioremediation. 615 7$aBiotechnology$xResearch. 615 7$aBiotechnology$xSafety measures. 615 7$aTransgenic organisms. 615 7$aTransgenic organisms$xEnvironmental aspects. 615 7$aTransgenic organisms$xSafety measures. 712 02$aInternational Society for Biosafety Research 801 0$bOCLCS 801 1$bOCLCS 801 2$bW2U 801 2$bOCLCQ 801 2$bTXA 801 2$bGUA 801 2$bWEA 801 2$bOCLCQ 801 2$bOCLCF 801 2$bLRU 801 2$bCHVBK 801 2$bOCLCO 801 2$bOCLCQ 801 2$bOCLCO 801 2$bOCLCQ 801 2$bZ5A 801 2$bOCLCO 801 2$bOCLCA 801 2$bU3W 801 2$bOCLCO 801 2$bAU@ 801 2$bOCLCO 801 2$bWYU 801 2$bOCLCO 801 2$bOCLCA 801 2$bOCLCQ 801 2$bIOY 801 2$bOCLCL 801 2$bOCLCQ 906 $aJOURNAL 912 $a9910891395203321 996 $aEnvironmental biosafety research$91896337 997 $aUNINA